00426pab a2200157 454500008004000000100001800040245009400058260000900152300001300161362001100174650001200185650001000197650002100207650002000228773002000248180718b2006 xxu||||| |||| 00| 0 eng d aGhanchi, D.A. aSocial engineering through higher education: pre-emptive investment for peace and justice c2006 ap.21-28. a13 Feb aJustice aPeace aHigher education aSocial mobility aUniversity News